Forestlands : (Record no. 12112)

000 -LEADER
fixed length control field 00632pam a2200205 a 4500
020 ## - INTERNATIONAL STANDARD BOOK NUMBER
ISBN 0884103919
020 ## - INTERNATIONAL STANDARD BOOK NUMBER
ISBN 0884103927 (pbk.)
040 ## - CATALOGING SOURCE
Transcribing agency DLC
082 00 - DEWEY DECIMAL CLASSIFICATION NUMBER
Classification number 333 PAC 1985 A018 Or.
245 00 - TITLE STATEMENT
Title Forestlands :
Remainder of title public and private /
260 ## - PUBLICATION, DISTRIBUTION, ETC. (IMPRINT)
Place of publication San Francisco, Calif. :
Name of publisher Pacific Institute for Public Policy Research ;
Place of publication Cambridge, Mass. :
Name of publisher Ballinger Pub. Co.,
Year of publication c1985.
300 ## - PHYSICAL DESCRIPTION
Number of Pages xxvii, 332 p. :
Other physical details ill. ;
Dimensions 24 cm.
500 ## - GENERAL NOTE
General note Includes index.
650 #0 - SUBJECT ADDED ENTRY--TOPICAL TERM
Topical Term Forest policy
650 #0 - SUBJECT ADDED ENTRY--TOPICAL TERM
Topical Term Forest management
650 #0 - SUBJECT ADDED ENTRY--TOPICAL TERM
Topical Term Forests and forestry
700 1# - ADDED ENTRY--PERSONAL NAME
Personal name Deacon, Robert T.
700 1# - ADDED ENTRY--PERSONAL NAME
Personal name Johnson, M. Bruce.
942 ## - ADDED ENTRY ELEMENTS (KOHA)
Koha item type សៀវភៅភាសាអង់គ្លេស
952 ## - LOCATION AND ITEM INFORMATION (KOHA)
Withdrawn status [LOCAL, KOHA] 0
Holdings
Permanent Location Date acquired Koha item type Lost status Shelving location Barcode Current Location Full call number
Library Block A2017-08-10សៀវភៅភាសាអង់គ្លេស A018A08302Library Block A333 PAC 1985 A018 Or.
មជ្ឈមណ្ឌលឯការនៃសាកលវិទ្យាល័យភូមិន្ទកសិកម្មចំការដូង

Powered by Koha